000 00853nam a2200265 i 4500
001 6105
003 ES-MaACL
005 20250826042743.0
007 t|
008 890711s1988 sp |||| | spa d
020 _a84-7088-468-9
080 _a658
100 1 _aParames Montenegro, Carlos.
_988929
245 1 0 _aIntroducción al management
_b: un nuevo enfoque de la administración pública /
_cCarlos Parames Montenegro.
250 _a4ª ed.
260 _aMadrid :
_bInstituto Nacional de Administración Pública,
_c1988.
300 _a590 p. ;
_c21 cm.
490 1 _aManuales
504 _aBibliografía: p. 539-590.
650 0 4 _aAdministración pública.
_99646
710 2 _aInstituto Nacional de Administración Pública (España)
_95139
830 0 _aManuales
_9178657
852 _aES-MaACL
_jL-13188
999 _c6105
_d6105